Every country best team in UEFA ranking 2024 - Statistics

General Stats
  • This quiz has been taken 31 times
  • The average score is 22 of 55
Answer Stats
Country Placement Answer % Correct
England 1 Manchester City
93%
Germany 2 Bayern Munich
90%
France 4 PSG
90%
Spain 3 Real Madrid
87%
Italy 6 Inter Milan
80%
Netherlands 23 Ajax
77%
Portugal 19 Porto
77%
Denmark 39 Copenhagen
73%
Croatia 42 Dinamo Zagreb
73%
Turkey 56 Fenerbahce
70%
Scotland 26 Rangers
67%
Sweden 88 Malmo
63%
Austria 39 Salzburg
63%
Cyprus 105 APOEL
60%
Kazakhstan 130 Astana
57%
Switzerland 36 Basel
57%
Belgium 29 Club Brugge
57%
Hungary 52 Ferencvaros
57%
Israel 54 Maccabi Tel Aviv
53%
Greece 50 Olympiakos
53%
Moldova 86 Sheriff
50%
Bulgaria 67 Ludogorets
47%
Azerbaijan 60 Qarabag
47%
Finland 128 HJK
43%
Slovakia 61 Slovan Bratislava
43%
Belarus 151 BATE Borisov
40%
Poland 81 Lech Poznan
40%
Ukraine 26 Shakhtar Donetsk
40%
Latvia 131 Riga
37%
Liechtenstein 175 Vaduz
37%
Serbia 48 Crvena Zvezda
33%
Norway 62 Bodo Glimt
30%
Czechia 32 Slavia Praha
30%
Luxembourg 162 Dudelange
23%
Wales 163 The New Saints
23%
Estonia 132 Flora Tallinn
20%
Ireland 153 Shamrock Rovers
20%
Iceland 160 Breidablik
17%
Georgia 174 Dinamo Tbilisi
17%
Kosovo 159 Ballkani
13%
Faroe Islands 143 Klaksvik
13%
Gibraltar 158 Lincoln Red Imps
13%
Northern Ireland 147 Linfield
13%
Armenia 149 Pyunik
13%
Lithuania 127 Zalgiris Vilnius
13%
Romania 66 CFR Cluj
10%
San Marino 259 Tre Penne
10%
Bosnia 150 Zrinjski
10%
Montenegro 172 Buducnost
7%
Malta 197 Gzira
3%
Albania 211 Partizani
3%
Andorra 229 Inter Escaldes
0%
Slovenia 140 Olimpija Ljubjana
0%
North Macedonia 176 Shkendija
0%
Russia 78 Zenit Petesburg
0%
No matching quizzes found
Score Distribution
Percent of People with Each Score
Percentile by Number Answered
Your Score History
You have not taken this quiz